000 00564nam a2200133Ia 4500
008 220615s9999||||xx |||||||||||||| ||und||
022 _a16648714
100 _aJ. P. Ginsberg
245 0 _aDysregulation of Autonomic Cardiac Control by Traumatic Stress and Anxiety
546 _aEnglish[eng]
650 _atraumatic stress||Autonomic Nervous System||Hrv biofeedback||cardiac psychology||Heart rate variability
856 _uhttp://journal.frontiersin.org/researchtopic/2443/dysregulation-of-autonomic-cardiac-control-by-traumatic-stress-and-anxiety
942 _cEB
999 _c18410
_d18410